Osobné portfóliové účty ako alternatíva podielovým fondom

Otázky výhod prístupu profesionálov z oblasti riadenia aktív k investíciám a súčasne peniaze nevkladať do fondov. Individuálne portfóliové (investičné) účty (managed accounts). Vymedzenie pojmu riadený investičný účet, nazývaný tiež samostatným účtom (separate accounts), Výhody riadeného účtu. Vlast...

Descrizione completa

Salvato in:
Dettagli Bibliografici
Autore principale: Bačišin, Vladimír
Natura: Capitolo di libro
Lingua:slovacco
Soggetti:
Tags: Aggiungi Tag
Nessun Tag, puoi essere il primo ad aggiungerne!!

MARC

LEADER 00000nla$a2200000$$$4500
001 0065336
005 20231121080723.5
041 0 |a slo 
044 |a SK 
245 1 0 |a Osobné portfóliové účty ako alternatíva podielovým fondom  |c Vladimír Bačišin 
520 |a Otázky výhod prístupu profesionálov z oblasti riadenia aktív k investíciám a súčasne peniaze nevkladať do fondov. Individuálne portfóliové (investičné) účty (managed accounts). Vymedzenie pojmu riadený investičný účet, nazývaný tiež samostatným účtom (separate accounts), Výhody riadeného účtu. Vlastnosti podielových a fondov a riadených účtov. 
610 2 0 |a trh finančný 
610 2 0 |a fondy podielové 
610 2 0 |a investori 
610 2 0 |a investovanie 
100 1 |a Bačišin, Vladimír